| 000 | 00627nam a22002177a 4500 | ||
|---|---|---|---|
| 005 | 20251108165945.0 | ||
| 008 | 250721s1997 xx 000 0 ara d | ||
| 020 | _a9770254908 | ||
| 082 | 1 | 4 | _aط/ق |
| 100 | 1 |
_aخضر، فوزي _eNarr. |
|
| 245 | 1 | 0 | _aالصوت الغريب / |
| 250 | _aط . 2 | ||
| 264 | 1 |
_aالقاهرة : _bدار المعارف، _c1997. |
|
| 300 | _a14ص . : مص | ||
| 490 | 0 |
_aيحكي ان ؛ _v7 |
|
| 650 | 1 | 7 | _aالقصص العربية |
| 653 | _aأطفال مرحلة متوسطة ( 6-9 سنوات ) | ||
| 700 | 1 |
_aبدران، منال _eCart. |
|
| 942 |
_2ddc _cBK |
||
| 999 |
_c35883 _d35883 |
||